| 000 | 01549nam a2200361 c 4500 | ||
|---|---|---|---|
| 003 | BLK | ||
| 005 | 20180422114848.0 | ||
| 008 | 180411b bul|||||r ||||||| ||bul|| | ||
| 010 | _aKNG00185909000 | ||
| 020 |
_a978-619-190-038-1 _bиздат.: Славена |
||
| 040 | _aBLK | ||
| 041 |
_aBUL _cBUL |
||
| 072 | 7 |
_2bullib _aН34 _xПраво Н |
|
| 080 |
_aСъдопроизводство (Съдебна процедура). Съдоустройство (Организация на съдилищата и прокуратурата). Вж и 343. 1;344;348 _b347.9 _x(497.211)(091) _z347.9(497.211)(091) |
||
| 100 | 1 |
_aДряновски, Борислав Николов _eпърви автор _9368928 |
|
| 139 |
_aДряновски, Борислав Николов _bД 91 |
||
| 245 | 1 | 0 |
_aИстория на варненската адвокатура (1878 - 2015) _cБорислав Николов Дряновски. |
| 257 | _aBGR | ||
| 260 |
_аВарна _bСлавена _c2015 |
||
| 300 |
_a400 с. _bс портр., факс., 7 л. : цв. ил. _c24 см |
||
| 380 | _a3 | ||
| 500 | _aСъдържа и за авт. - Библиогр. с. 391-399. | ||
| 650 | 4 |
_aАдвокатура - България _9267627 |
|
| 651 | 4 |
_aВарна _9178690 |
|
| 651 | 4 |
_aБългария _9241624 |
|
| 653 | _aадвокатура | ||
| 659 | _aН | ||
| 852 | _aЦб 279023 | ||
| 856 | 4 |
_qpdf _u |
|
| 856 | 4 |
_qpdf _u |
|
| 942 |
_cKNG _n0 |
||
| 944 |
_aCR _c15.01.2016 _lф / _kВиолета_Тройчева |
||
| 944 |
_aED _c29.03.2016 _lф / _kЛюдмила_Стоянова |
||
| 999 |
_c177252 _d177252 |
||